<?xml version="1.0" encoding="UTF-8"?>
<record
    xmlns:xsi="http://www.w3.org/2001/XMLSchema-instance"
    xsi:schemaLocation="http://www.loc.gov/MARC21/slim http://www.loc.gov/standards/marcxml/schema/MARC21slim.xsd"
    xmlns="http://www.loc.gov/MARC21/slim">

  <leader>01355nam a2200205   4500</leader>
  <controlfield tag="008">200210s2011    ag ||||e |||| 000 0 spa d</controlfield>
  <datafield tag="020" ind1=" " ind2=" ">
    <subfield code="a">9789875452794</subfield>
  </datafield>
  <datafield tag="041" ind1=" " ind2=" ">
    <subfield code="a">spa</subfield>
  </datafield>
  <datafield tag="092" ind1=" " ind2=" ">
    <subfield code="c">808 </subfield>
    <subfield code="l">80</subfield>
    <subfield code="s">SOR</subfield>
  </datafield>
  <datafield tag="100" ind1="1" ind2=" ">
    <subfield code="a">Sordo, Pilar.</subfield>
    <subfield code="9">4103</subfield>
  </datafield>
  <datafield tag="245" ind1=" " ind2=" ">
    <subfield code="a">Lecciones de seducci&#xF3;n /</subfield>
    <subfield code="c">Pilar Sordo.</subfield>
  </datafield>
  <datafield tag="250" ind1=" " ind2=" ">
    <subfield code="a">1a ed. 2da reimp.</subfield>
  </datafield>
  <datafield tag="260" ind1=" " ind2=" ">
    <subfield code="a">Buenos Aires:</subfield>
    <subfield code="b">Norma;</subfield>
    <subfield code="c">2011.</subfield>
  </datafield>
  <datafield tag="300" ind1=" " ind2=" ">
    <subfield code="a">192 p.</subfield>
    <subfield code="b">21x14cm</subfield>
  </datafield>
  <datafield tag="500" ind1=" " ind2=" ">
    <subfield code="a">Sordo, P. (2011). Lecciones de seducci&#xF3;n. (1a ed.). Buenos Aires : Norma.
</subfield>
  </datafield>
  <datafield tag="505" ind1=" " ind2=" ">
    <subfield code="a">Constantemente buscamos seducir: porque queremos formar pareja, porque intentamos revivir un matrimonio de muchos a&#xF1;os o simplemente porque nos gu&#xED;a la conquista del otro. La psic&#xF3;loga chilena Pilar Sordo nos invita a compartir un nuevo proyecto que parte de premisas que exigen acciones m&#xE1;s all&#xE1; de la lectura. Este libro trata sobre la seducci&#xF3;n entendida como un proceso activo y est&#xE1; apoyado en dos conceptos clave: la autoseducci&#xF3;n y el autocuidado. Estas doce lecciones de seducci&#xF3;n se pueden leer como un todo completo o es posible trabajarlas mes a mes. Son clases que superan los simples consejos &#xFA;tiles y que, al igual que los dem&#xE1;s libros de esta autora, proponen una reflexi&#xF3;n profunda, esta vez, desde nuestro costado m&#xE1;s &#xED;ntimo. </subfield>
  </datafield>
  <datafield tag="590" ind1=" " ind2=" ">
    <subfield code="a">Donaci&#xF3;n, febrero 2020.</subfield>
  </datafield>
  <datafield tag="655" ind1=" " ind2=" ">
    <subfield code="a">Literatura</subfield>
    <subfield code="9">2917</subfield>
  </datafield>
  <datafield tag="942" ind1=" " ind2=" ">
    <subfield code="2">ddc</subfield>
    <subfield code="c">LIT</subfield>
  </datafield>
  <datafield tag="999" ind1=" " ind2=" ">
    <subfield code="c">3057</subfield>
    <subfield code="d">3057</subfield>
  </datafield>
  <datafield tag="952" ind1=" " ind2=" ">
    <subfield code="0">0</subfield>
    <subfield code="1">0</subfield>
    <subfield code="2">ddc</subfield>
    <subfield code="4">0</subfield>
    <subfield code="7">0</subfield>
    <subfield code="a">BFM</subfield>
    <subfield code="b">BFM</subfield>
    <subfield code="c">CR</subfield>
    <subfield code="d">2020-02-10</subfield>
    <subfield code="e">Donaci&#xF3;n, febrero 2020.</subfield>
    <subfield code="l">0</subfield>
    <subfield code="o">808 80 SOR</subfield>
    <subfield code="p">4608</subfield>
    <subfield code="r">2020-02-10</subfield>
    <subfield code="t">Ej. 1</subfield>
    <subfield code="w">2020-02-10</subfield>
    <subfield code="y">LIT</subfield>
    <subfield code="z">Donaci&#xF3;n, febrero 2020.</subfield>
  </datafield>
</record>
